000 00372nam a2200145Ia 4500
008 181130s2018 xx 000 0 und d
100 _aVerma, Richard
245 _aIndo-Asia connectivity for shared prosperity
260 _c2018
300 _ap.31-33.
504 _dMar
650 _aInternational relations
773 _aSeminar
906 _aInternational relations
999 _c506547
_d506547